| 000 | 01753nam a22002777a 4500 | ||
|---|---|---|---|
| 003 | URS | ||
| 005 | 20240511001123.0 | ||
| 008 | 240511b |||||||| |||| 00| 0 eng d | ||
| 050 | 0 | 0 |
_aLG 221.R59 AL147 _b2023 |
| 100 | 1 |
_aAlberto, Jerylie, R. _eResearcher |
|
| 245 |
_aEffects of online education in the mathematics performance of grade 7 stuents at glgmnhs _cAlberto, Jerylie, R.; [et,...al] |
||
| 260 | 1 | _c2023 | |
| 300 |
_axiii, 67 leaves _billustrations _c28 cm |
||
| 336 |
_2text _ardacontent |
||
| 337 |
_2rdamedia _aunmediated |
||
| 338 |
_2rdacarrier _avolume |
||
| 502 |
_aUndergraduate thesis
_bBachelor of Secondary Education in Mathematics _cUniversity of Rizal System, Rodriguez, Rizal _d2023 |
||
| 520 | _aThis study aimed to determine the Effects of Online Education in the Mathematics Performance of Grade 7 Students at GLGMNHS in terms of student's performance through attendance, activities, recitation, and assessments The respondents of the study were the grade 7 students who took Online Distance Learning (ODL) in General Licerio Geronimo Memorial National High School. The researchers used 20 item questionnaire checklist, and interview guide to gather data. For accuracy and appropriateness in the analysis and interpretation of data, descriptive statistics such as frequency, ranking, percentage, and mean were utilized Also, inferential statistics such as the t-test and ANOVA were used with the help of a statistician | ||
| 650 | _2online education | ||
| 700 |
_aAlberto, Jerylie, R. _eResearcher |
||
| 700 |
_aAquino, Allen Gail, P. _eResearcher |
||
| 700 |
_aSionilo, Alyssa, A. _eResearcher |
||
| 700 |
_aCayetano, Christian, B. _eResearcher |
||
| 700 |
_aLlarenas MAT, Emmanuel, M. _eAdviser |
||
| 942 |
_2lcc _cT |
||
| 999 |
_c79889 _d79888 |
||